Statistics for Flags of the Greater East Asia Co-Prosperity Sphere Members

Click here to take the quiz!

General Stats

  • This quiz has been taken 204 times
    (184 since last reset)
  • The average score is 8 of 11

Answer Stats

Answer% Correct
Japan
100%
Siam
92%
Philippines
90%
Reorganized National Government of the Republic of China
84%
Burma
80%
Manchukuo
77%
Vietnam
73%
Laos
68%
Cambodia
51%
Mengjiang
37%
Free India
28%

Score Distribution

Percentile by Number Answered

Percent of People with Each Score

Your Score History

You have not taken this quiz since the last reset